| 000 | 00740nam a2200289Ia 4500 | ||
|---|---|---|---|
| 008 | 170203s9999 xx 000 0 und d | ||
| 020 | _a9780152022112 | ||
| 050 | _aFic | ||
| 050 | _bA827c | ||
| 100 | _aAshman, Linda. | ||
| 245 | _aCastles, Caves, and honeycombs / | ||
| 245 | _cwritten by Linda Ahman; illustrated by Lauren Stringer. | ||
| 260 | _aSan Diego : | ||
| 260 | _bHarcourt, | ||
| 260 | _c2001 | ||
| 300 | _a1 volume (unpaged) : | ||
| 300 | _bcolor illustrations ; | ||
| 300 | _c22 x 27 cm | ||
| 650 | _aAnimals-- | ||
| 650 | _aDwellings-- | ||
| 650 | _aHome-- | ||
| 650 | _aStories in rhyme. | ||
| 650 | _xFiction. | ||
| 650 | _xFiction. | ||
| 650 | _xFiction. | ||
| 700 | _aStringer, Lauren, ill. | ||
| 999 |
_c306313 _d306313 |
||